|
|
|
|
| LEADER |
00000nam0a2200000 4500 |
| 001 |
203460 |
| 005 |
20231101225141.0 |
| 035 |
|
|
|a (RuTPU)RU\TPU\book\221721
|
| 090 |
|
|
|a 203460
|
| 100 |
|
|
|a 20111108d1983 m y0rusy50 ca
|
| 101 |
0 |
|
|a rus
|
| 102 |
|
|
|a RU
|
| 105 |
|
|
|a a z 001zb
|
| 200 |
1 |
|
|a Народная гравированная книга Василия Кореня 1692-1696
|f А. Г. Сакович
|g оформление и макет А. Б. Коноплева
|
| 210 |
|
|
|a Москва
|c Искусство
|d 1983
|
| 215 |
|
|
|a 167 с.
|c ил.
|
| 300 |
|
|
|a Резюме на англ. яз.
|
| 300 |
|
|
|a В одном футляре с А-965.
|
| 320 |
|
|
|a Библиогр. в примечаниях: с. 151-152
|
| 320 |
|
|
|a Список иллюстраций: с. 153-157
|
| 320 |
|
|
|a Перечень листов Библии Василия Кореня (с указанием размеров оттисков): с. 158
|
| 320 |
|
|
|a Комментарии в тексте.
|
| 421 |
|
1 |
|0 (RuTPU)RU\TPU\book\221846
|t Библия Василия Кореня 1692-1696 из государственной Публичной библиотеки им. М. Е. Салтыкова-Щедрина в Ленинграде [V 4.2]
|f цветная фотосъемка специально для настоящего издания выполнена Д. В. Белоусом ; оформление и макет худ. А. Б. Коноплева
|c Москва
|n Искусство
|d 1983
|p [81] с.
|
| 600 |
|
1 |
|a Корень
|b В.
|c русский гравер по дереву
|f 17 век
|g Василий
|2 stltpush
|3 (RuTPU)RU\TPU\pers\28869
|9 13615
|
| 610 |
1 |
|
|a русская книжная графика
|
| 610 |
1 |
|
|a гравюры на дереве
|
| 610 |
1 |
|
|a ксилография
|
| 610 |
1 |
|
|a лубок
|
| 610 |
1 |
|
|a 17 век
|
| 610 |
1 |
|
|a Библия
|
| 610 |
1 |
|
|a оформление книги
|
| 610 |
1 |
|
|a граверы
|
| 675 |
|
|
|a 76:655
|v 3
|
| 686 |
|
|
|a Ч611
|2 rubbk
|
| 700 |
|
1 |
|a Сакович
|b А. Г.
|g Антонина Георгиевна
|
| 702 |
|
1 |
|a Коноплев
|b А. Б.
|4 130
|
| 801 |
|
1 |
|a RU
|b 63413507
|c 20111108
|
| 801 |
|
2 |
|a RU
|b 63413507
|c 20190130
|g RCR
|
| 942 |
|
|
|c BK
|